ბათუმის შოთა რუსთაველის სახელმწიფო უნივერსიტეტის ბიბლიოთეკა

თავისუფლებისგან გაქცევა / (ბიბ.ჩანაწერი № 63059)

000 -ლიდერი
ფიქსირებული სიგრძის საკონტროლო ველი 01588nam a22002657a 4500
003 - საკონტროლო ნომრის იდენტიფიკატორი
საკონტროლო ველი Ge_BSU
005 - ბოლო ოპერაციის თარიღი და დრო
საკონტროლო ველი 20250528112545.0
008 - ფიქსირებული სიგრძის მონაცემთა ელემენტები - ზოგადი ინფორმაცია
ფიქსირებული სიგრძის საკონტროლო ველი 250528s2020 ge ||||| |||| 00| 0 geo d
020 ## - წიგნის საერთაშორისო სტანდარტული ნომერი
International Standard Book Number 9789941312076
041 ## - ენის კოდი
Language code of text/sound track or separate title geo
080 ## - უნივერსალური ათობითი კლასიფიკაციის ინდექსი
Universal Decimal Classification number 123 : 316.6 ფ-94
100 ## - მთავარი ჩანაწერი - პიროვნების სახელი
Personal name ფრომი, ერიხ
9 (RLIN) 11883
245 ## - ცნობა სათაურის შესახებ
Title თავისუფლებისგან გაქცევა /
Statement of responsibility, etc ერიხ ფრომი; ინგლისურიდან თარგმნა მედეა რუსიშვილმა; რედაქტორები: ელზა ახვლედიანი, ნატო გორდელაძე; გარეკანის დიზაინერი თეონა ჭანიშვილი.
264 ## - წარმოების, გამოცემის, დისტრიბუციის და სხვა ცნობები
გამოცემის, წარმოების, დისტრიბუციის... ადგილი თბილისი :
გამოცემის, წარმოების, დისტრიბუციის... სახელწოდება ინტელექტი,
გამოცემის, წარმოების, დისტრიბუციის... თარიღი 2020.
300 ## - ფიზიკური აღწერა
Extent 360 გვ. ;
Other physical details 21 სმ.
490 ## - სერიის ცნობა
Series statement Magnum opus
653 ## - INDEX TERM--UNCONTROLLED
Uncontrolled term თავისუფლება
653 ## - INDEX TERM--UNCONTROLLED
Uncontrolled term სოციალური ფსიქოლოგია
700 ## - ADDED ENTRY--PERSONAL NAME
Personal name რუსიშვილი, მედეა
Relator term მთარგმნელი
9 (RLIN) 25141
700 ## - ADDED ENTRY--PERSONAL NAME
Personal name ახვლედიანი, ელზა
Relator term რედაქტორი
9 (RLIN) 25142
700 ## - ADDED ENTRY--PERSONAL NAME
Personal name გორდელაძე, ნატო
Relator term რედაქტორი
9 (RLIN) 14165
700 ## - ADDED ENTRY--PERSONAL NAME
Personal name კვარაცხელია,ზვიად
Relator term პროექტის ავტორი
9 (RLIN) 7010
700 ## - ADDED ENTRY--PERSONAL NAME
Personal name ჭანიშვილი, თეონა
Relator term გარეკანის დიზაინერი.
9 (RLIN) 6381
942 ## - ADDED ENTRY ELEMENTS (KOHA)
Source of classification or shelving scheme
Koha item type წიგნი
ეგზემპლარები
ჩამოწერის სტატუსი დაკარგული ეგზემპლარის სტატუსი კლასიფიკაციის წყარო ან თაროზე გაწყობის სქემა დაზიანების სტატუსი არ გაიცემა მუდმივი მდებარეობა (დაცვის ადგილი) ამჟამინდელი ადგილსამყოფელი თაროზე განთავსების ადგილი შეძენის თარიღი ღირებულება, შესყიდვის ნორმალური ფასი სრული შენახვის შიფრი შტრიხკოდი ბოლო ოპერაციის თარიღი ეგზემპლარის მიმდევრობითი ნომერი (კეტერი?) ფასის ძალაში შესვლის თარიღი ეგზემპლარის სახეობა საჯარო შენიშვნა
          ბათუმის შოთა რუსთაველის სახელმწიფო უნივერსიტეტის მთავარი ბიბლიოთეკა ბათუმის შოთა რუსთაველის სახელმწიფო უნივერსიტეტის მთავარი ბიბლიოთეკა წიგნსაცავი 2025-05-28 18.50 123 : 316.6 ფ-94 71569 2025-05-28 71569 2025-05-28 წიგნი 18 ლ. 50 თ.
          ბათუმის შოთა რუსთაველის სახელმწიფო უნივერსიტეტის მთავარი ბიბლიოთეკა ბათუმის შოთა რუსთაველის სახელმწიფო უნივერსიტეტის მთავარი ბიბლიოთეკა წიგნსაცავი 2025-05-28 18.50 123 : 316.6 ფ-94 71570 2025-05-28 71570 2025-05-28 წიგნი 18 ლ. 50 თ.